00359cam a2200145ua 4500041001000000082001900010100002300029245006100052250001200113260004600125300001100171504000500182942000700187999001900194 aengh a828.09bBRA/SI aBrad Brook, M C . aSir Thomas Malory / cM C Brad Brook.hTextual Documents a1 / b. aLondon : bLongman Green and Co , c1958. a37 ; . a cBK c336124d336124